RAINFED AGRICULTURE AND WATERSHED MANAGEMENT (Record no. 25699)

MARC details
000 -LEADER
fixed length control field 00344nam a22001457a 4500
003 - CONTROL NUMBER IDENTIFIER
control field SGT
020 ## - INTERNATIONAL STANDARD BOOK NUMBER
International Standard Book Number 978-93-272-8951-0
082 ## - DEWEY DECIMAL CLASSIFICATION NUMBER
Classification number 338.16
Item number RED
100 ## - MAIN ENTRY--PERSONAL NAME
Personal name REDDY, S.R.
245 ## - TITLE STATEMENT
Title RAINFED AGRICULTURE AND WATERSHED MANAGEMENT
260 ## - PUBLICATION, DISTRIBUTION, ETC. (IMPRINT)
Place of publication, distribution, etc DELHI
Name of publisher, distributor, etc KALYANI
Year of Publication 2022
300 ## - PAGE DESCRIPTION
No. of Pages 135
650 ## - SUBJECT ADDED ENTRY--TOPICAL TERM
Topical term or geographic name as entry element RAINFED AGRICULTURE
942 ## - ADDED ENTRY ELEMENTS (KOHA)
Source of classification or shelving scheme Dewey Decimal Classification
Koha item type Books
Holdings
Withdrawn status Lost status Source of classification or shelving scheme Damaged status Not for loan Home library Current library Shelving location Date acquired Vendor Name SGTU Bill Number Full call number Accession No. (Barcode) Date last seen Bill Date Koha item type Total Checkouts Cost, normal purchase price
    Dewey Decimal Classification   Not For Loan SGT Science & Social Sciences Library SGT Science & Social Sciences Library Reference Book 21/02/2024 KALYANI SGTU 2140 338.16 RED AG2445 21/02/2024   Books    
    Dewey Decimal Classification     SGT Science & Social Sciences Library SGT Science & Social Sciences Library Text Book 21/02/2024 KALYANI SGTU 2140 338.16 RED AG2446 21/02/2024   Books    
    Dewey Decimal Classification     SGT Science & Social Sciences Library SGT Science & Social Sciences Library Text Book 21/02/2024 KALYANI SGTU 2140 338.16 RED AG2447 21/02/2024   Books    
    Dewey Decimal Classification     SGT Science & Social Sciences Library SGT Science & Social Sciences Library Text Book 21/02/2024 KALYANI SGTU 2140 338.16 RED AG2448 21/02/2024   Books    
    Dewey Decimal Classification     SGT Science & Social Sciences Library SGT Science & Social Sciences Library Text Book 21/02/2024 KALYANI SGTU 2140 338.16 RED AG2449 21/02/2024   Books    
    Dewey Decimal Classification     SGT Science & Social Sciences Library SGT Science & Social Sciences Library Text Book 21/02/2024 KALYANI SGTU 2140 338.16 RED AG2450 21/02/2024   Books   150.00